| 000 | 00795nam a2200253 i 4500 | ||
|---|---|---|---|
| 001 | bg | ||
| 003 | BPK | ||
| 005 | 20200408123532.0 | ||
| 008 | s1993 pl f f |000 0 pol | ||
| 040 | _cBPK | ||
| 041 | _apol | ||
| 080 | _a621.791/.795 | ||
| 080 | _a(075.8) | ||
| 100 | 1 |
_aSłużalec, Adolf _d(1927-2003) _eAutor |
|
| 245 | 0 |
_aTechnologie spajania / _cAdolf Służalec. |
|
| 250 | _aWyd. 2 uzup.i popr. | ||
| 260 |
_aCzęstochowa : _bWydaw. Politechniki Częstochowskiej, _c1993. |
||
| 300 |
_a347, [1] s. : _brys., wykr. ; _c24 cm. |
||
| 504 | _aBibliogr. s. 345-[348]. | ||
| 655 | 4 | _aPodręczniki akademickie | |
| 650 | 4 | _aSpawalnictwo | |
| 856 |
_uhttp://koha.tu.koszalin.pl/cgi-bin/koha/opac-detail.pl?biblionumber=6237 _yKatalog online BPK |
||
| 942 |
_cKS _2UKD |
||
| 999 |
_c6237 _d6237 |
||